| 000 | 00324nam a2200145 i 4500 | ||
|---|---|---|---|
| 001 | bg | ||
| 100 | 1 | _aMYKOWIECKA, A. | |
| 245 | 0 |
_aLotus 1-2-3 wersja 2.0 / _cA. Mykowiecka. |
|
| 250 | _aWyd.2. | ||
| 260 |
_aWarszawa, _c1991. |
||
| 040 | _cBPK | ||
| 041 | _apol | ||
| 942 | _cKS | ||
| 008 | s pl f |000 0 pol | ||
| 999 |
_c4451 _d4451 |
||
| 856 |
_uhttp://koha.tu.koszalin.pl/cgi-bin/koha/opac-detail.pl?biblionumber=4451 _yKatalog online BPK |
||